| 000 -LEADER |
| fixed length control field |
00596cam a22001577a 4500 |
| 008 - FIXED-LENGTH DATA ELEMENTS--GENERAL INFORMATION |
| fixed length control field |
180718b1992 xxu||||| |||| 00| 0 eng d |
| 082 ## - DEWEY DECIMAL CLASSIFICATION NUMBER |
| Classification number |
Lmx5461 In2u |
| 100 ## - MAIN ENTRY--PERSONAL NAME |
| Personal name |
Sarma, K.S.R.N. |
| 245 ## - TITLE STATEMENT |
| Title |
Urban development : municipal fiscal stress : a case study of financing urban development in Delhi - 2001 AD |
| Statement of responsibility, etc. |
By K.S.N. Sarma, Gangadhar Jha and Rakesh Gupta |
| 260 ## - PUBLICATION, DISTRIBUTION, ETC. |
| Place of publication, distribution, etc. |
New Delhi |
| Name of publisher, distributor, etc. |
Indian institute of public administration |
| Date of publication, distribution, etc. |
1992 |
| 300 ## - PHYSICAL DESCRIPTION |
| Extent |
140p |
| 650 ## - SUBJECT ADDED ENTRY--TOPICAL TERM |
| Topical term or geographic name entry element |
City planning - India - Finance |
| 650 ## - SUBJECT ADDED ENTRY--TOPICAL TERM |
| Topical term or geographic name entry element |
Urbanization - India - Finance |
| 700 ## - ADDED ENTRY--PERSONAL NAME |
| Personal name |
Gupta, Rakesh |
| 700 ## - ADDED ENTRY--PERSONAL NAME |
| Personal name |
Jha, Gangadhar |